| Поле | Инд. | ПП | Название | Значение |
|---|---|---|---|---|
| Тип записи | a | |||
| Библиографический уровень | c | |||
| 001 | Контрольный номер | RU/IS/BASE/514304515 | ||
| 005 | Дата корректировки | 20221215160333.1 | ||
| 040 | b | Код языка каталог. | rus | |
| e | Правила каталог. | PSBO | ||
| 041 | 0_ | a | Код языка текста | rus |
| 097 | b | Оператор | *Ир* | |
| 245 | 10 | a | Заглавие | Рабочая программа дисциплины по выбору вариативной части Блока 1 "История торфяного дела". Направление подготовки бакалавров 13.03.01 Теплоэнергетика и теплотехника. Профиль - Автономные энергетические системы. Семестр 7. Приложение к рабочей программе (заочная форма обучения, семестр 9) |
| b | Продолж. заглавия | в составе учебно-методического комплекса | ||
| c | Ответственность | Каф. Торфяные машины и оборудование | ||
| c | Ответственность | разраб. Л.В. Копенкина | ||
| 260 | a | Место издания | Тверь | |
| b | Издательство | ТвГТУ | ||
| c | Дата издания | 2016 | ||
| 440 | a | Серия | УМК-РП | |
| 500 | a | Примечание | 10/2016 | |
| 516 | a | Прим. о типе комп. файла/ данных | Текст : электронный | |
| 520 | a | Аннотация | Рабочая программа дисциплины соответствует ОХОП подготовки бакалавров в части требований к результатам обучения по дисциплине и учебному плану. Основной целью изучения дисциплины "История торфяного дела" является освоение знаний в области истории торфяной науки и техники, обеспечение подготовки студентов для дальнейшей работы с научно-технической литературой в области торфяного дела, формирование системных знаний в области истории науки о торфе как биотопливе. | |
| 535 | a | Хранилище | Сервер | |
| 655 | a | Жанр/ форма (устаревшее) | М | |
| 773 | w | Контрольный № источника | RU/IS/BASE/513873782 | |
| 900 | a | Имя макрообъекта | 001-000112396-000000000-0000-0000-01 | |
| 901 | t | Тип документа | m | |
| 905 | a | Дата создания записи | 21.04.17 | |
| 951 | i | EL-ТГТУ? | Да | |
| 952 | d | Цикл дисциплин | 2 | |
| g | 1 | |||
| a | Тип литературы для КСУ ВШ | П |